| 000 | 00897 a2200289 4500 | ||
|---|---|---|---|
| 001 | 200423493 | ||
| 650 | 0 | 0 |
_92127 _aManagement information systems |
| 999 |
_c200423493 _d40340 |
||
| 003 | TR-AnTOB | ||
| 005 | 20210305103122.0 | ||
| 008 | 151228s2015 tu 000 0 | ||
| 020 | _a9786059041539 | ||
| 040 |
_aTR-AnTOB _btur _erda |
||
| 041 | 0 | _atur | |
| 050 | 0 | 0 |
_aT58.6 _b.B55 2015 |
| 090 | _aT58.6 .B55 2015 | ||
| 245 | 1 | 0 |
_a2015-2018 bilgi toplumu stratejisi ve eylem planı / _cT.C. Kalkınma Bakanlığı Bilgi Toplumu Dairesi Başkanlığı. |
| 246 | 1 | 3 | _aBilgi toplumu stratejisi ve eylem planı |
| 264 |
_aAnkara : _bT.C Kalkınma Bakanlığı, _c2015. |
||
| 300 |
_a166 pages ; _c28 cm. |
||
| 336 |
_atext _2rdacontent |
||
| 337 |
_aunmediated _2rdamedia |
||
| 338 |
_avolume _2rdacarrier |
||
| 490 | 0 | _aYayın No: 2939 | |
| 650 | 0 | 0 |
_aYönetim bilgi sistemleri _979895 |
| 942 | _cBK | ||